Notes on the life of Stonewall Jackson and on his campaigning in Virginia, 1861-1863. (Record no. 552134)

000 -LEADER
fixed length control field 00525cam a22001571 4500
082 ## - DEWEY DECIMAL CLASSIFICATION NUMBER
Classification number 355.0092755
Author Mark AND
100 1# - MAIN ENTRY--PERSONAL NAME
Personal name Anderson, John H.
9 (RLIN) 49348
245 00 - TITLE STATEMENT
Title Notes on the life of Stonewall Jackson and on his campaigning in Virginia, 1861-1863.
Statement of responsibility, etc. By J.H. Anderson ...
250 ## - EDITION STATEMENT
Edition statement 2d ed., rev. and enl.
260 ## - PUBLICATION, DISTRIBUTION, ETC.
Place of publication, distribution, etc. London,
Name of publisher, distributor, etc. H. Rees, Ltd.,
Date of publication, distribution, etc. 1905.
300 ## - PHYSICAL DESCRIPTION
Extent 80 p.
Other physical details 13 fold. plans.
Dimensions 22 cm.
500 ## - GENERAL NOTE
General note Plans in pocket at end.
526 ## - STUDY PROGRAM INFORMATION NOTE
Program name 0
Interest level 0
Reading level 0
Title point value 355_009275500000000_AND
650 ## - SUBJECT ADDED ENTRY--TOPICAL TERM
Topical term or geographic name entry element MCE
9 (RLIN) 379
942 ## - ADDED ENTRY ELEMENTS (KOHA)
Source of classification or shelving scheme
Koha item type Book
Holdings
Withdrawn status Lost status Source of classification or shelving scheme Damaged status Not for loan Permanent Location Current Location Shelving location Date acquired Total Checkouts Full call number Barcode Date last seen Price effective from Koha item type
          Military College of Engineering (MCE) Military College of Engineering (MCE)   01/08/2015   355.0092755 AND MCE-ECN/12 01/08/2015 01/08/2015 Book
© 2023 Central Library, National University of Sciences and Technology. All Rights Reserved.